[Event "Top12Feminin"]
[Site "Mulhouse"]
[Date "2014.05.10"]
[Round "3.1"]
[White "Le Bail, Clara"]
[Black "Madl, Ildiko"]
[Result "0-1"]
[WhiteElo "1975"]
[BlackElo "2328"]
[PlyCount "66"]
[EventDate "2014.05.09"]
[EventType "team"]
[EventRounds "5"]
[EventCountry "FRA"]
[WhiteTeam "Migne"]
[BlackTeam "Juvisy"]

1. e4 c5 2. c3 d5 3. exd5 Qxd5 4. d4 Nc6 5. Nf3 Bg4 6. dxc5 Qxc5 7. Be3 Qa5 8.
Be2 Nf6 9. Nbd2 e5 10. Nc4 Qc7 11. Ncxe5 Nxe5 12. Nxe5 Bxe2 13. Qxe2 Qxe5 14.
O-O Bd6 15. g3 O-O 16. Qf3 Qe4 17. Qxe4 Nxe4 18. Rad1 Bc5 19. Rfe1 Rad8 20.
Bxc5 Nxc5 21. b3 Ne6 22. Kf1 g6 23. f3 Kg7 24. Kf2 Kf6 25. Kg2 Rxd1 26. Rxd1
Rd8 27. Rxd8 Nxd8 28. Kf2 Ke5 29. Ke3 f5 30. Kd3 Kd5 31. Ke3 Ne6 32. Kd3 g5 33.
h3 h5 0-1

[Event "Top12Feminin"]
[Site "Mulhouse"]
[Date "2014.05.10"]
[Round "3.2"]
[White "Fortuit, Emilie"]
[Black "Boulan, Laura"]
[Result "0-1"]
[WhiteElo "1973"]
[BlackElo "2051"]
[PlyCount "100"]
[EventDate "2014.05.09"]
[EventType "team"]
[EventRounds "5"]
[EventCountry "FRA"]
[WhiteTeam "Juvisy"]
[BlackTeam "Migne"]

1. e4 d6 2. d4 e5 3. dxe5 dxe5 4. Qxd8+ Kxd8 5. Bc4 Ke8 6. Be3 Nd7 7. Nd2 Bc5
8. Bxc5 Nxc5 9. f3 Ke7 10. Ne2 Nh6 11. Nc3 c6 12. Nb3 Ne6 13. Bxe6 Bxe6 14. Nc5
Bc8 15. O-O f6 16. Rad1 Nf7 17. b3 h5 18. Rd2 g5 19. Rfd1 Rd8 20. Rxd8 Nxd8 21.
Ne2 b6 22. Nd3 Ne6 23. Kf2 Bd7 24. Nb2 g4 25. Nc4 Ng5 26. Nd6 h4 27. f4 exf4
28. Nxf4 Rg8 29. Nf5+ Kd8 30. Nxh4 Nxe4+ 31. Kg1 Kc7 32. Rd4 Re8 33. a4 Ng5 34.
Nd3 Re2 35. Rf4 Rxc2 36. Rxf6 Rc3 37. Ne5 Rxb3 38. Rf4 g3 39. hxg3 Rxg3 40. Kf2
Ra3 41. Nhf3 Nxf3 42. gxf3 Be6 43. Rf6 Bd5 44. Rf4 a5 45. Rd4 Be6 46. f4 c5 47.
Re4 Bd5 48. Nc4 Ra2+ 49. Ke3 Bxe4 50. Kxe4 Rxa4 0-1

[Event "Top12Feminin"]
[Site "Mulhouse"]
[Date "2014.05.10"]
[Round "3.3"]
[White "Leriche, Ines"]
[Black "Millet, Maud"]
[Result "0-1"]
[WhiteElo "1907"]
[BlackElo "1983"]
[PlyCount "104"]
[EventDate "2014.05.09"]
[EventType "team"]
[EventRounds "5"]
[EventCountry "FRA"]
[WhiteTeam "Migne"]
[BlackTeam "Juvisy"]

1. d4 Nf6 2. c4 g6 3. Nc3 Bg7 4. e4 d6 5. Nf3 O-O 6. h3 Nbd7 7. Bg5 e5 8. d5 h6
9. Be3 Qe7 10. Be2 Nb6 11. Nd2 a5 12. Bxb6 cxb6 13. Qb3 Qd8 14. Na4 Nd7 15. O-O
Nc5 16. Nxc5 bxc5 17. Qg3 a4 18. b3 Qa5 19. Rfd1 Bd7 20. bxa4 Bxa4 21. Nb3 Qa6
22. Qc3 Rfb8 23. Rdb1 b5 24. cxb5 Bxb5 25. Bxb5 Rxb5 26. Rb2 Rab8 27. Rab1 Qa3
28. Qc1 Rb4 29. Re2 Qa6 30. Qc2 Bf6 31. Ree1 Bg5 32. Na1 Qb5 33. Rxb4 Qxb4 34.
Rd1 Qb2 35. Qa4 Qb5 36. Qa7 Rb7 37. Qa3 Kg7 38. g3 h5 39. h4 Bh6 40. Kg2 Qe2
41. Qd3 Qxa2 42. Nc2 c4 43. Qe2 Qb3 44. Ra1 Qd3 45. Re1 Rb2 46. Qxd3 cxd3 47.
Ne3 Re2 48. Kf1 Bxe3 49. fxe3 Rxe1+ 50. Kxe1 f5 51. exf5 gxf5 52. Kd2 e4 0-1

[Event "Top12Feminin"]
[Site "Mulhouse"]
[Date "2014.05.10"]
[Round "3.4"]
[White "Aggoune, Liza"]
[Black "Marchais, A urelie"]
[Result "1-0"]
[WhiteElo "1843"]
[BlackElo "1769"]
[PlyCount "49"]
[EventDate "2014.05.09"]
[EventType "team"]
[EventRounds "5"]
[EventCountry "FRA"]
[WhiteTeam "Juvisy"]
[BlackTeam "Migne"]

1. e4 c6 2. d4 d5 3. Bd3 dxe4 4. Bxe4 Nf6 5. Bf3 Bf5 6. Ne2 e6 7. O-O Bd6 8. c4
Nbd7 9. Nbc3 a6 10. Be3 O-O 11. Rc1 e5 12. Ng3 Bg6 13. d5 c5 14. Re1 Re8 15.
Be4 Bxe4 16. Ngxe4 Nxe4 17. Nxe4 Qc7 18. Qf3 f6 19. h4 b5 20. b3 b4 21. h5 Bf8
22. Qg4 Kh8 23. Qh4 Be7 24. Qh3 Qb6 25. Qxd7 1-0